| 000 | 00412cam a22001337a 4500 | ||
|---|---|---|---|
| 008 | 180718b1971 xxu||||| |||| 00| 0 eng d | ||
| 082 | _aA6x5471 In7 | ||
| 100 | _aKashyap, Subhash C. | ||
| 245 |
_aBangla Desh: background and perspectives. _cedited by Subhash C. Kashyap |
||
| 260 |
_aDelhi _bNational _c1971 |
||
| 300 | _a187p | ||
| 650 | _aBangladesh -Politics and government. | ||
| 700 | _aKashyap, Subhash C. ed | ||
| 999 |
_c412628 _d412628 |
||